Sequence characterization of styrene-butadiene rubber by ozonolysis- liquid chromatography/mass spectrometry (Record no. 68610)

MARC details
000 -LEADER
fixed length control field 00476nam a2200145Ia 4500
100 ## - MAIN ENTRY--AUTHOR NAME
Personal name Kato N
245 #0 - TITLE STATEMENT
Title Sequence characterization of styrene-butadiene rubber by ozonolysis- liquid chromatography/mass spectrometry
260 ## - PUBLICATION, DISTRIBUTION, ETC. (IMPRINT)
Name of publisher Proceedings of the International Rubber Conference, Kobe, Japan, 1995; p299-302
700 ## - ADDED ENTRY--PERSONAL NAME
Personal name Harada M
700 ## - ADDED ENTRY--PERSONAL NAME
Personal name Kuramasu H
700 ## - ADDED ENTRY--PERSONAL NAME
Personal name Kurihara S
700 ## - ADDED ENTRY--PERSONAL NAME
Personal name Ohshima N
942 ## - ADDED ENTRY ELEMENTS (KOHA)
Koha item type Journals
Holdings
Withdrawn status Lost status Damaged status Not for loan Home library Current library Shelving location Date acquired Koha item type
      Journals RRII Library RRII Library Rubber chemistry 17/12/2021 Journals